LEADER 01408nam a2200301 i 4500 001 000000167773 003 CaOOAMICUS 005 20250912155951.0 008 071207s1965 it u000 u ita u 013 $a145172 040 $aSeMil$bita 100 1 $aBond, Harold L.$0(OLS)http://semarc/name/63053 240 10$aReturn to Cassino. A Memoir of the Fight for Rome.$0(OLS)http://semarc/title/240045 245 10$aInferno a Cassino :$bla battaglia per Roma /$cHarold L. Bond ; [Traduzione di Renato Prinzhofer ]. 250 $a3. ed. 260 $aS.l. :$bU. Mursia & C.,$c1965. 300 $a271 p., [24] p. di tav., [4] c. Geografiche :$bill. ;$c22 cm. 490 0 $aTestimonianze fra cronaca e storia ;$v8 650 4$aCassino - Abbazia di Montecassino - Guerra mondiale <1939-1945>.$0(OLS)http://semarc/subject/58502 650 4$aCassino - Storia.$0(OLS)http://semarc/subject/58504 700 1 $aPrinzhofer, Renato.$0(OLS)http://semarc/name/55172 830 0$aTestimonianze fra cronaca e storia [Mursia] ;$v8.$0(OLS)http://semarc/title/17659 850 $aSeMil 852 $aSeMil$W1$xVenegono$y1$m3V II 16$j118909$B118909$CSeMilBibl$Z2$F130713 $81 961 $aOmaggio: Braschi don Francesco 996 $6245$aInferno a Cassino :$bla battaglia per Roma$9(OLS)http://semarc/title/240044 996 $6260$aS.l. :$bU. Mursia & C.$9(OLS)http://semarc/publisher/47345 LEADER 01276nam a2200253 i 4500 001 000000009167 003 CaOOAMICUS 005 20190515135641.0 008 180830s20172018it u000 u ita u 040 $aSeMil$bita 245 10$aManuale di storia della Chiesa /$copera diretta da Umberto Dell'Orto, Saverio Xeres. 260 $aBrescia :$bMorcelliana,$c2017-2018. 300 $a4 v. ;$c21 cm. 650 4$aChiesa - Storia.$0(OLS)http://semarc/subject/8 650 4$aChiesa - Storia - Manuali.$0(OLS)http://semarc/subject/3352 700 1 $aXeres, Saverio .$0(OLS)http://semarc/name/89690 700 1 $aDell'Orto, Umberto <1963- >.$0(OLS)http://semarc/name/15117 774 18$t1: L'antichità cristiana.$dBrescia : Morcelliana, 2018.$z978-88-372-3165-1$g1$w()330521 774 0 $t2: Il Medioevo.$dBrescia : Morcelliana, 2017.$z978-88-372-3098-2$g2$w()330522 774 0 $t3: L'epoca moderna.$dBrescia : Morcelliana, 2017.$z978-88-372-3009-8$g3$w()80241 774 0 $t4: L'epoca contemporanea.$dBrescia : Morcelliana, 2017.$z978-88-372-3067-8$g4$w()255570 996 $6245$aManuale di storia della Chiesa$9(OLS)http://semarc/title/401148 996 $6260$aBrescia :$bMorcelliana$9(OLS)http://semarc/publisher/29629